000 00717nam a2200265Ia 4500
003 OSt
005 20221005030114.0
006 a|||||r|||| 00| 0
007 ta
008 221004b |||||||| |||| 00| 0 eng d
024 _a55457
037 _cTextual
040 _aCRL
_cCRL
_beng
041 _2eng
_aeng
082 _aT:3,92:(P), M5
100 _aMaley Alan
_9126759
245 0 _aDrama techniques in language learning
260 _aCambridge
_bCambridge University press
_c1985
300 _a234p.
_ccm.
650 _a TEACHING
_934578
650 _aEDUCATION
700 _a Duff Alan
_991837
942 _hT:3,92:(P), M5
_cTEXL
_2cc
999 _c935692
_d935692